Programming Languages (Record no. 929)
[ view plain ]
| 000 -LEADER | |
|---|---|
| fixed length control field | 00349nam a2200145Ia 4500 |
| 008 - FIXED-LENGTH DATA ELEMENTS--GENERAL INFORMATION | |
| fixed length control field | 191201s2005 xx 000 0 und d |
| 082 ## - DEWEY DECIMAL CLASSIFICATION NUMBER | |
| Classification number | 005.133 |
| Item number | PRP |
| 100 ## - MAIN ENTRY--PERSONAL NAME | |
| Personal name | Pratt, Terrence W |
| 245 #0 - TITLE STATEMENT | |
| Title | Programming Languages |
| 250 ## - EDITION STATEMENT | |
| Edition statement | 4th |
| 260 ## - PUBLICATION, DISTRIBUTION, ETC. (IMPRINT) | |
| Place of publication, distribution, etc | N.Delhi |
| Name of publisher, distributor, etc | Pearson Education |
| Date of publication, distribution, etc | 2005 |
| 300 ## - PHYSICAL DESCRIPTION | |
| Extent | 657 |
| 650 ## - SUBJECT ADDED ENTRY--TOPICAL TERM | |
| Topical term or geographic name as entry element | B.Tech(CSE) |
| 942 ## - ADDED ENTRY ELEMENTS (KOHA) | |
| Source of classification or shelving scheme | Dewey Decimal Classification |
| Koha item type | Text Books |
| 942 ## - ADDED ENTRY ELEMENTS (KOHA) | |
| -- | 3 |
| Withdrawn status | Lost status | Source of classification or shelving scheme | Damaged status | Not for loan | Collection code | Home library | Current library | Date acquired | Source of acquisition | Cost, normal purchase price | Bill Number | Total Checkouts | Full call number | Acc. no. / Barcode | Date last seen | Date last borrowed | Bill Date | Koha item type | Checked out |
|---|---|---|---|---|---|---|---|---|---|---|---|---|---|---|---|---|---|---|---|
| Dewey Decimal Classification | B.Tech(CSE) | PIET C-LIBRARY | PIET C-LIBRARY | 08/08/2006 | UBS pub and dis ltd n. delhi | 250.00 | 125415 | 5 | 005.133 PRP | 686 | 07/04/2023 | 27/03/2023 | 18/08/2005 | Text Books | |||||
| Dewey Decimal Classification | B.Tech(CSE) | PIET C-LIBRARY | PIET C-LIBRARY | 08/08/2006 | UBS pub and dis ltd n. delhi | 250.00 | 125415 | 6 | 005.133 PRP | 687 | 31/01/2024 | 25/08/2023 | 18/08/2005 | Text Books | |||||
| Dewey Decimal Classification | B.Tech(CSE) | PIET C-LIBRARY | PIET C-LIBRARY | 08/08/2006 | UBS pub and dis ltd n. delhi | 250.00 | 125415 | 1 | 005.133 PRP | 688 | 02/05/2025 | 02/05/2025 | 18/08/2005 | Text Books | |||||
| Dewey Decimal Classification | B.Tech(CSE) | PIET C-LIBRARY | PIET C-LIBRARY | 08/08/2006 | UBS pub and dis ltd n. delhi | 250.00 | 125415 | 4 | 005.133 PRP | 689 | 29/03/2023 | 14/03/2023 | 18/08/2005 | Text Books | |||||
| Dewey Decimal Classification | B.Tech(CSE) | PIET C-LIBRARY | PIET C-LIBRARY | 08/08/2006 | UBS pub and dis ltd n. delhi | 250.00 | 125415 | 1 | 005.133 PRP | 690 | 23/03/2023 | 14/03/2023 | 18/08/2005 | Text Books | |||||
| Dewey Decimal Classification | B.Tech(CSE) | PIET C-LIBRARY | PIET C-LIBRARY | 08/08/2006 | UBS pub and dis ltd n. delhi | 250.00 | 125415 | 4 | 005.133 PRP | 691 | 16/01/2023 | 19/12/2022 | 18/08/2005 | Text Books | |||||
| Dewey Decimal Classification | B.Tech(CSE) | PIET C-LIBRARY | PIET C-LIBRARY | 08/08/2006 | UBS pub and dis ltd n. delhi | 250.00 | 125415 | 3 | 005.133 PRP | 692 | 06/03/2023 | 06/03/2023 | 18/08/2005 | Text Books | 04/09/2023 |